| 000 | 00557nam a22001817a 4500 | ||
|---|---|---|---|
| 008 | 171120t2004 xxu |||gr|||| 001 0 eng d | ||
| 020 | _a9780824748104 | ||
| 040 |
_aEG-ScBUE _beng _cEG-ScBUE |
||
| 082 | 0 | 4 |
_a621.04203 _bHOR _222 |
| 100 | 1 |
_aHordeski, Michael F. _938113 |
|
| 245 | 1 |
_aDictionary of energy efficiency technologies / _cMichael F. Hordeski. |
|
| 260 |
_aIndia : _bFairmont Press, _c2004. |
||
| 300 |
_aix, 359 p. ; _c24 cm. |
||
| 590 | _aSuzan Ashmawy | ||
| 650 | 7 |
_2BUEsh _aEnergy consumption. _vDictionaries. |
|
| 651 | _2BUEsh | ||
| 942 | _2ddc | ||
| 999 |
_c25624 _d25596 |
||